Sladkovodná korytnačka sprievodca Romany Andĕrovej pre mladých chovateľov

Bibliographic Details
Main Author: Anděrová, Romana, 1951- (Author)
Other Authors: Belanová, Magdaléna (Translator)
Format: Book
Language:Slovak
Czech
PhysicalDescription:31 s. fotogr. 20 cm
Published: Havlíčkův Brod Fragment 1998
ISBN:8072001787
Edition:1. vyd.
Series:Býva s nami
Subjects:

MARC

LEADER 00000cam a2200000 a 4500
001 vtls008744764
003 SK-MaSNL
005 20260301205550.0
008 210623s1998 xr o jr 001 0 slo
015 |a SNBA1998 
020 |a 8072001787  |q (brož.) 
035 |a urn:nbn:sk:snk-am00el57 
035 |a urn:nbn:sk:snk-am3iizt 
035 |a 43FE93CB-D01D-464A-AA53-B080624BE49E 
040 |a SNK  |b slo  |c SNK  |e AACR2 
041 1 |a slo  |h cze 
044 |a xr  |c CZ 
080 |a 636.98  |2 2001 
080 |a 636.08  |2 2001 
080 |a 598.13  |2 2001 
080 |a (035)  |2 2001 
100 1 |a Anděrová, Romana,  |d 1951-  |4 aut  |9 87233 
245 1 |a Sladkovodná korytnačka  |b sprievodca Romany Andĕrovej pre mladých chovateľov  |c Romana Andĕrová ; z češtiny preložila Magdaléna Belanová 
250 |a 1. vyd. 
260 |a Havlíčkův Brod  |b Fragment  |c 1998 
300 |a 31 s.  |b fotogr.  |c 20 cm 
490 1 |a Býva s nami 
504 |a Obsahuje register 
650 0 7 |a korytnačky  |2 SNKPH  |9 60228 
650 0 7 |a chov zvierat  |2 SNKPH  |9 2803 
655 7 |a príručky  |2 SNKPH  |9 74364 
700 1 |a Belanová, Magdaléna  |4 trl  |9 305609 
830 0 |a Býva s nami  |9 309769 
919 |a 80-7200-178-7 
958 |a OND 
999 |c 910595  |d 912525 
952 |a SNK  |b SNK  |y PREZ  |7 0  |p 17A1389810  |o snkSD 88585  |i snk2019/24761  |8 7  |0 0  |1 0  |4 0  |d 2019-10-02  |f 1  |l 0  |r 2026-02-24 07:42:05  |w 2026-02-24